Textos completos de la Constitución Nacional y de la Provincia de Buenos Aires de 1949 (Registro nro. 3653)

Detalles MARC
000 -LEADER
fixed length control field 00847 a2200205 4500
001 - CONTROL NUMBER
control field 43162
005 - DATE AND TIME OF LATEST TRANSACTION
control field 20260407155715.0
008 - FIXED-LENGTH DATA ELEMENTS--GENERAL INFORMATION
fixed length control field 260407a2005 arg spa d
003 - CONTROL NUMBER IDENTIFIER
control field AR-UNSa-BCEJYS
040 ## - CATALOGING SOURCE
Original cataloging agency AR-UNSa-BCEJYS
Language of cataloging spa
Transcribing agency AR-UNSa-BCEJYS
080 ## - UNIVERSAL DECIMAL CLASSIFICATION NUMBER
Universal Decimal Classification number 342.4
Common auxiliary subdivision Constituciones. Asambleas legislativas. Asambleas nacionales (Reforma...)
020 ## - INTERNATIONAL STANDARD BOOK NUMBER
International Standard Book Number 950-34-0345-6
100 1# - MAIN ENTRY--PERSONAL NAME
Personal name Moreno, Guillermo Raúl
245 10 - TITLE STATEMENT
Title Textos completos de la Constitución Nacional y de la Provincia de Buenos Aires de 1949
264 #1 - PRODUCTION, PUBLICATION, DISTRIBUTION, MANUFACTURE, AND COPYRIGHT NOTICE
Place of production, publication, distribution, manufacture La Plata :
Name of producer, publisher, distributor, manufacturer (EDULP) Editorial de la Universidad Nacional de la Plata
Date of production, publication, distribution, manufacture, or copyright notice 2005
300 ## - PHYSICAL DESCRIPTION
Extent 99 p.
Dimensions 21 cm.
505 ## - FORMATTED CONTENTS NOTE
Formatted contents note 1. Introducción - 2. La constitucionalismo social - 3. Constitución de la Nación Argentina - 4. Constitución del estado de Buenos Aires
590 ## - LOCAL NOTE (RLIN)
Local note niveau_biblio:m niveau_hierar:0
942 ## - ADDED ENTRY ELEMENTS (KOHA)
Koha item type
Existencias
Withdrawn status Lost status Damaged status Not for loan Home library Current library Shelving location Date acquired Total checkouts Full call number Barcode Date last seen Price effective from Koha item type
        Biblioteca Prof. Eusebio Cleto del Rey Biblioteca Prof. Eusebio Cleto del Rey   07/04/2026   342.4 M843 L118355 07/04/2026 07/04/2026 Libro